Documentos sobre relaciones internacionales de los Reyes Católicos / (Record no. 57256)
[ view plain ]
| 000 -LEADER | |
|---|---|
| campo de control de longitud fija | 01026nam a2200229 i 4500 |
| 001 - NÚMERO DE CONTROL | |
| campo de control | 57256 |
| 003 - IDENTIFICADOR DE NÚMERO DE CONTROL | |
| campo de control | ES-MaACL |
| 005 - FECHA Y HORA DE LA ÚLTIMA TRANSACCIÓN | |
| campo de control | 20250818102558.0 |
| 007 - CAMPO FIJO DE DESCRIPCIÓN FÍSICA--INFORMACIÓN GENERAL | |
| campo de control de longitud fija | t| |
| 008 - DATOS DE LONGITUD FIJA--INFORMACIÓN GENERAL | |
| campo de control de longitud fija | 031015m19491950sp ||||1| spa d |
| 245 00 - MENCIÓN DEL TÍTULO | |
| Título | Documentos sobre relaciones internacionales de los Reyes Católicos / |
| Mención de responsabilidad, etc. | edición preparada por Antonio de la Torre. |
| 260 ## - PUBLICACIÓN, DISTRIBUCIÓN, ETC. | |
| Lugar de publicación, distribución, etc. | Barcelona : |
| Nombre del editor, distribuidor, etc. | Consejo Superior de Investigaciones Científicas, Patronato Marcelino Menéndez Pelayo, |
| Fecha de publicación, distribución, etc. | 1949-1950 ( |
| Fabricante | Atenas) |
| 300 ## - DESCRIPCIÓN FÍSICA | |
| Extensión | 2 v. ; |
| Dimensiones | 26 cm. |
| 490 1# - MENCIÓN DE SERIE | |
| Mención de serie | Biblioteca "Reyes Católicos" ; |
| Designación de volumen o secuencia | I.- Documentos y textos |
| 505 8# - NOTA DE CONTENIDO CON FORMATO | |
| Nota de contenido con formato | Contiene: I.- 1479-1483.- XIII + 488 pág. -- II. 1484-1487. 624 pág. + 1 hoj. |
| 651 ## - PUNTO DE ACCESO ADICIONAL DE MATERIA--NOMBRE GEOGRÁFICO | |
| Nombre geográfico | España- |
| Subdivisión general | Historia- |
| Subdivisión cronológica | 1474-1516, Reyes Católicos- |
| Subdivisión de forma | Fuentes. |
| 9 (RLIN) | 8223 |
| 700 1# - ENTRADA AGREGADA--NOMBRE PERSONAL | |
| Nombre de persona | Torre y del Cerro, Antonio de la. |
| 9 (RLIN) | 110794 |
| 710 2# - ENTRADA AGREGADA--NOMBRE DE ENTIDAD CORPORATIVA | |
| Nombre de entidad corporativa o nombre de jurisdicción como elemento de entrada | Patronato "Marcelino Menéndez Pelayo" |
| 9 (RLIN) | 6189 |
| 830 00 - PUNTO DE ACCESO ADICIONAL DE SERIE-TÍTULO UNIFORME | |
| Título uniforme | Biblioteca Reyes Católicos (CSIC) |
| Designación de volumen o secuencia | I.- Documentos y textos |
| 9 (RLIN) | 230424 |
| 852 ## - LOCALIZACIÓN | |
| Ubicación | ES-MaACL |
| Número de control de estantería | P-952 |
| Estatus retirado | Estado de pérdida | Estado de daño | No para préstamo | Biblioteca de origen | Biblioteca actual | Ubicación en estantería | Fecha de adquisición | Fuente de adquisición | Total de préstamos | Signatura topográfica completa | Código de barras | Visto por última vez | Precio de reemplazo | Tipo de ítem Koha |
|---|---|---|---|---|---|---|---|---|---|---|---|---|---|---|
| Biblioteca del Ateneo de Madrid | Biblioteca del Ateneo de Madrid | Depósito 2 | 17/01/2008 | P-952 | 1060115 | 23/02/2023 | 23/02/2023 | Libro impreso |
